[Event "UT Dallas Fall Open 2018"]
[Site "Dallas USA"]
[Date "2018.11.17"]
[Round "3.16"]
[White "Guo,Arthur"]
[Black "Easton,Jack"]
[Result "1/2-1/2"]
[WhiteElo "2333"]
[BlackElo "2184"]

1.d4 d5 2.c4 dxc4 3.e4 e5 4.Nf3 exd4 5.Bxc4 Bb4+ 6.Nbd2 Nc6 7.O-O Nf6 8.e5 Nd5
9.Nb3 Nb6 10.Bb5 Qd5 11.Bxc6+ bxc6 12.a3 Be7 13.Nbxd4 O-O 14.Qc2 c5 15.Ne2 Bg4
16.Nf4 Qb7 17.Nd2 Rad8 18.Ne4 c4 19.Be3 Nd5 20.Qxc4 Nxf4 21.Bxf4 Be6 22.Qe2 Rd4
23.Rfe1 Bd5 24.f3 Bxe4 25.fxe4 Rfd8 26.Rac1 c5 27.Kh1 Bh4 28.Rf1 Qxe4 29.Qa6 g5
30.Qf6 Qxf4 31.Rxf4 gxf4 32.Qxh4 Rd1+ 33.Qe1  1/2-1/2

[Event "UT Dallas Fall Open 2018"]
[Site "Dallas USA"]
[Date "2018.11.20"]
[Round "8.17"]
[White "Easton,Jack"]
[Black "Sarkar,J"]
[Result "0-1"]
[WhiteElo "2184"]
[BlackElo "2342"]

1.d4 d5 2.c4 dxc4 3.e4 Nc6 4.Be3 Nf6 5.Nc3 e5 6.d5 Na5 7.Nf3 Bd6 8.Nd2 O-O
9.Bxc4 Ng4 10.Qe2 Qe7 11.Bd3 Nxe3 12.Qxe3 Bc5 13.Qg3 Bd4 14.O-O Bxc3 15.bxc3 b6
16.Kh1 Nb7 17.f4 exf4 18.Rxf4 Nc5 19.Bc2 Nd7 20.Nf3 f6 21.e5 Nxe5 22.Re1 Bd7
23.Bxh7+ Kxh7 24.Qh4+ Kg8 25.Rxe5 Qa3 26.Rh5 Qc1+ 27.Ne1 Qxc3 28.Re4 Kf7
29.Qf2 Rae8 30.Rhh4 Bf5 31.Rxe8 Rxe8 32.Nf3 Qc1+ 33.Ng1 Re1 34.Rf4 Rxg1+  0-1

[Event "UT Dallas Fall Open 2018"]
[Site "Dallas USA"]
[Date "2018.11.21"]
[Round "9.17"]
[White "Polavaram,Rithik"]
[Black "Easton,Jack"]
[Result "1/2-1/2"]
[WhiteElo "2082"]
[BlackElo "2184"]

1.d4 d5 2.c4 dxc4 3.e4 e5 4.Nf3 exd4 5.Bxc4 Bb4+ 6.Nbd2 Nc6 7.O-O Nf6 8.e5 Nd5
9.Nb3 Nb6 10.Bb5 Qd5 11.Bxc6+ bxc6 12.Qxd4 Qxd4 13.Nbxd4 Bd7 14.Bd2 Be7 15.Rfc1 c5
16.Nb3 c4 17.Na5 Bb5 18.Nd4 Ba6 19.Nf5 Bf8 20.Ne3 Rd8 21.Be1 Rd4 22.Bc3 Re4
23.b3 Ba3 24.Rc2 O-O 25.Nexc4 Nxc4 26.Nxc4 Bxc4 27.bxc4 Rxc4 28.Rb1 Rd8 29.Rd2 Rxd2
30.Bxd2 h5 31.g3 Rc2 32.Be3 a6 33.Rb8+ Kh7 34.Ra8 Rc6 35.h3 Bb2 36.f4 g5
37.g4 hxg4 38.hxg4 gxf4 39.Bxf4 Rc4 40.Bh2 Rxg4+ 41.Kf1 Rg6 42.Ra7 Rc6 43.e6 fxe6
44.Rxc7+ Rxc7 45.Bxc7 Kg6 46.Ke2 Kf5 47.a4 Ke4 48.a5 Bc3 49.Bb6 e5 50.Bc7 Bd4
51.Bd8 Kd5 52.Kd3 e4+ 53.Ke2 Kc6 54.Bg5 Kb5 55.Bd8 Bc5 56.Bc7 Kc6 57.Bd8 Bb4
58.Ke3 Kd5 59.Bb6 Bd6 60.Bd8 Bc5+ 61.Ke2 Kd4 62.Bf6+ Kc4 63.Bd8 Kd5 64.Bc7 Bd4
65.Bd8 e3 66.Bb6 Ke4 67.Bc7 Bc3 68.Bb6 Bd2 69.Bd8 Kd4 70.Bc7 Kc3 71.Bd8 Kb3
72.Kd3 Ka4 73.Bb6 Kb5 74.Bd8 Kc6 75.Bb6 Kd5 76.Bc7 Ke6 77.Bb6 Kf5 78.Bxe3 Bxa5
79.Bd2 Bb6 80.Kc4 Ke4 81.Kb3 Kd3 82.Bb4 Kd4 83.Ka4 Kc4 84.Ba5 Bd4 85.Be1 Bb6
86.Ba5 Kc5 87.Bxb6+ Kxb6 88.Kb4 a5+ 89.Ka4 Ka6 90.Kb3 Kb5 91.Ka3 a4 92.Kb2 Kb4
93.Ka2 a3 94.Kb1 Kb3 95.Ka1 Ka4 96.Ka2 Kb4 97.Kb1 Kb3 98.Ka1 a2  1/2-1/2

[Event "WCh Women 2018"]
[Site "Khanty-Mansiysk RUS"]
[Date "2018.11.23"]
[Round "6.5"]
[White "Ju Wenjun"]
[Black "Lagno,Kateryna"]
[Result "1/2-1/2"]
[WhiteElo "2568"]
[BlackElo "2556"]

1.d4 d5 2.c4 dxc4 3.e4 Nf6 4.e5 Nd5 5.Bxc4 Nb6 6.Bd3 Nc6 7.Ne2 Bg4 8.f3 Bh5
9.Nbc3 e6 10.Be3 Bg6 11.Bb5 Be7 12.Bxc6+ bxc6 13.Nf4 Bf5 14.Qe2 O-O 15.O-O h6
16.Rac1 Qd7 17.Rfd1 a5 18.Ne4 Nd5 19.Nc5 Bxc5 20.Rxc5 Nxf4 21.Bxf4 Rfb8 22.Qd2 Rb5
23.Rxb5 cxb5 24.Rc1 a4 25.a3 c6 26.Rc5 Rc8 27.h3 Bg6 28.Be3 Bf5 29.Qc1 Bd3
30.Rc3 Bg6 31.Kf2 Bf5 32.h4 h5 33.Qd2 Qd5 34.Rc5 Qb3 35.Qc3 Qxc3 36.Rxc3 Kf8
37.Kg3 Ke8 38.Kf4 Kd7 39.g4 Bg6 40.Rc1 Rb8 41.Rg1 Rh8 42.Bf2 Rg8 43.Be1 Rh8
44.Rg2 Rg8 45.gxh5 Bxh5 46.Rg5 g6 47.Bb4 Rh8 48.Bc5 Ke8 49.Rg3 Rh7 50.Rg1 Kd7
51.Bb4 Rh8 52.Re1 Rg8 53.Re3 g5+ 54.hxg5 Bg6 55.Re1 Rh8 56.Kg3 Bf5 57.Bd2 Rh3+
58.Kg2 Rh4 59.Be3 Rh8 60.Rc1 Bh3+ 61.Kg3 Bf5 62.Bf2 Rh3+ 63.Kg2 Rh5 64.Be3 Bh3+
65.Kg3 Bf5 66.Kg2 Bh3+ 67.Kg3 Bf5 68.Kg2  1/2-1/2

[Event "19th Puhajarve Rapid"]
[Site "Puhajarve EST"]
[Date "2018.11.24"]
[Round "13.1"]
[White "Valgmae,Toomas"]
[Black "Kogan,Ar"]
[Result "1-0"]
[WhiteElo "2270"]
[BlackElo "2547"]

1.d4 d5 2.c4 dxc4 3.e4 Nc6 4.Nf3 Nf6 5.Nc3 Bg4 6.Be3 e5 7.d5 Ne7 8.Bxc4 Ng6
9.Qb3 Bd6 10.Bb5+ Kf8 11.Nd2 h5 12.h3 Bc8 13.O-O-O a6 14.Bd3 b5 15.Kb1 Nd7
16.Qc2 Rb8 17.Nb3 Nf4 18.Bf1 h4 19.Na5 Qe8 20.Nc6 Ra8 21.g3 Ng6 22.Be2 Bb7
23.Na5 Bc8 24.Bg4 hxg3 25.fxg3 Nf6 26.Bxc8 Qxc8 27.g4 Ne7 28.Rdf1 Bb4 29.Nb3 c6
30.g5 Nh5 31.Qf2 Qe8 32.Bc5 Bxc5 33.Nxc5 cxd5 34.Nxd5 Nxd5 35.exd5 Nf4 36.Rd1 Qc8
37.d6 Qf5+ 38.Ka1 Rd8 39.d7 Rxh3 40.Rxh3 Qxh3 41.Qd2 Qf3 42.Qd6+ Kg8 43.Rb1 Qd5
44.Qc7 Rf8 45.a3 Ne6 46.Nxe6 fxe6 47.Rc1 e4 48.Qc8 e3 49.g6 e2 50.Qc2 Qxd7
51.Qxe2 Qd5 52.Rg1 e5 53.Qh5 Rf2 54.Qh7+ Kf8 55.Qh8+ Qg8 56.Qh4 Rf4 57.Qd8+  1-0

[Event "78th ch-ITA 2018"]
[Site "Salerno ITA"]
[Date "2018.11.24"]
[Round "2.3"]
[White "Lodici,Lorenzo"]
[Black "Godena,M"]
[Result "1-0"]
[WhiteElo "2456"]
[BlackElo "2463"]

1.d4 d5 2.c4 dxc4 3.e4 e5 4.Nf3 Bb4+ 5.Nc3 exd4 6.Nxd4 Nd7 7.Bxc4 Ngf6 8.O-O O-O
9.f3 Qe7 10.Nc2 Ba5 11.Kh1 c6 12.Qe1 Ne5 13.Be2 Ng6 14.Be3 Bc7 15.Qf2 b6
16.f4 Nxe4 17.Nxe4 Qxe4 18.Bf3 Qe7 19.Nd4 Bd7 20.Nxc6 Bxc6 21.Bxc6 Rad8 22.g3 Qf6
23.Rac1 Ne7 24.Be4 Bd6 25.Qc2 h6 26.Rfd1 Rc8 27.Qd3 Rxc1 28.Rxc1 Rc8 29.Rd1 Bc7
30.Qd7 g6 31.Bb7 Rf8  1-0

[Event "TCh-ROU Superliga 2018"]
[Site "Sovata ROU"]
[Date "2018.11.24"]
[Round "1.1"]
[White "Cioara,A"]
[Black "Baltag,I"]
[Result "1-0"]
[WhiteElo "2427"]
[BlackElo "2414"]

1.d4 d5 2.c4 dxc4 3.e4 c5 4.d5 Nf6 5.Nc3 b5 6.Bf4 Ba6 7.e5 b4 8.Na4 Nxd5
9.Nxc5 Bb5 10.e6 Nc6 11.Nb7 Qb6 12.exf7+ Kxf7 13.Qxd5+ Ke8 14.Bxc4 Bxc4 15.Qxc4 Qxb7
16.Nf3 Na5 17.Qc5 Qb6 18.Qh5+ g6 19.Qe5 Qf6 20.Qxa5 Qxf4 21.Qb5+  1-0

[Event "42nd Tenkes Cup 2018"]
[Site "Harkany HUN"]
[Date "2018.11.28"]
[Round "7.22"]
[White "Karacsonyi,L"]
[Black "Hitesh,Vasanwala"]
[Result "0-1"]
[WhiteElo "1702"]
[BlackElo "1744"]

1.d4 d5 2.c4 dxc4 3.e4 b5 4.a4 c6 5.axb5 cxb5 6.b3 e5 7.d5 Nf6 8.Bg5 Bb4+
9.Ke2 Nbd7 10.bxc4 Qb6 11.Be3 Nc5 12.f3 Nh5 13.g3 Qf6 14.Na3 Nxe4 15.Qb3 Nexg3+
16.Kf2 Nxh1+ 17.Kg2 a5 18.Nxb5 O-O 19.Rd1 Nf4+ 20.Kxh1 Bd7 21.c5 Bxb5 22.Bxb5 Rac8
23.c6 Rfd8 24.Qc4 Ne6 25.Qe2 Nd4 26.Bxd4 exd4 27.Bc4 Re8 28.Qf2 Re3 29.Bd3 Qe5
30.Be4 f5 31.Bxf5 Qxf5 32.Rxd4 Rd3 33.Ne2 Bc5 34.Rf4 Rd1+ 35.Kg2 Qxf4 36.Qxc5 Qg5+
37.Kf2 Qxd5  0-1

[Event "78th ch-ITA 2018"]
[Site "Salerno ITA"]
[Date "2018.12.01"]
[Round "8.6"]
[White "Brunello,S"]
[Black "Godena,M"]
[Result "1/2-1/2"]
[WhiteElo "2542"]
[BlackElo "2463"]

1.d4 d5 2.c4 dxc4 3.e4 e5 4.Nf3 exd4 5.Bxc4 Bb4+ 6.Nbd2 Nc6 7.O-O Nf6 8.e5 Nd5
9.Nb3 Nb6 10.Bb5 Bd7 11.Bxc6 Bxc6 12.Nfxd4 Bd5 13.Nf5 g6 14.Ne3 Be7 15.Na5 Rb8
16.Qc2 c6 17.Bd2 O-O 18.Rad1 Be6 19.Nac4  1/2-1/2

[Event "Northwest Cup Final A"]
[Site "St Petersburg RUS"]
[Date "2018.12.04"]
[Round "2.2"]
[White "Duzhakov,I"]
[Black "Berzinsh,R"]
[Result "0-1"]
[WhiteElo "2404"]
[BlackElo "2409"]

1.d4 d5 2.c4 dxc4 3.e4 e5 4.Nf3 exd4 5.Bxc4 Nc6 6.O-O Bc5 7.Qb3 Qf6 8.Bg5 Qg6
9.Nbd2 Nge7 10.Rac1 Bb4 11.Bxe7 Bxe7 12.Bd5 O-O 13.Bxc6 bxc6 14.Ne5 Qh6 15.f4 c5
16.Qf3 Qa6 17.Ndc4 f6 18.Nd3 Be6 19.b3 Qxa2 20.Nb4 cxb4 21.Ra1 Qc2 22.Rfc1 Qc3
23.Rxc3 dxc3 24.Qe2 Bc5+ 25.Kf1 Rfd8 26.f5 Bf7 27.e5 fxe5 28.Nxe5 Bxb3 29.Qb5 Rd5
30.Re1 Rf8 31.g4 Bd6  0-1

[Event "Szmetan-Giardelli GM 2018"]
[Site "Buenos Aires ARG"]
[Date "2018.12.06"]
[Round "3.4"]
[White "Granda Zuniga,J"]
[Black "Bachmann,Ax"]
[Result "0-1"]
[WhiteElo "2650"]
[BlackElo "2621"]

1.d4 d5 2.c4 dxc4 3.e4 e5 4.Nf3 exd4 5.Bxc4 Nc6 6.O-O Be6 7.Bb5 Bc5 8.Qc2 Bb6
9.Bxc6+ bxc6 10.Qxc6+ Bd7 11.Qc2 Ne7 12.Na3 c5 13.Ne5 O-O 14.Nxd7 Qxd7 15.Nc4 Nc6
16.Bd2 Rfe8 17.Rfe1 Re6 18.Qd3 Rae8 19.b3 Qe7 20.f4 Qd8 21.e5 f6 22.Nd6 R8e7
23.Nf5 Re8 24.Qg3 g6 25.Nh6+ Kg7 26.exf6+ Qxf6 27.Rxe6 Rxe6 28.f5 Re3 29.Bxe3 dxe3
30.Re1 Kxh6 31.fxg6 c4 32.Kh1 hxg6 33.bxc4 e2 34.Qh3+ Kg7 35.Qd7+ Kf8 36.Qd3 Nd4  0-1

[Event "European Blitz 2018"]
[Site "Skopje MKD"]
[Date "2018.12.07"]
[Round "13.12"]
[White "Ivanisevic,I"]
[Black "Petkidis,A"]
[Result "0-1"]
[WhiteElo "2603"]
[BlackElo "2375"]

1.d4 d5 2.c4 dxc4 3.e4 Nf6 4.e5 Nd5 5.Bxc4 Nc6 6.Nc3 Nb6 7.Bb5 Bd7 8.Nf3 e6
9.a3 Ne7 10.Be2 Bc6 11.O-O Qd7 12.Be3 Nf5 13.Qc2 Be7 14.Rad1 Nd5 15.Bc1 Nxc3
16.bxc3 Ba4 17.Qe4 Bxd1 18.Rxd1 c6 19.c4 Rd8 20.g4 Nh6 21.h3 Qc7 22.Qe3 Qa5
23.Kg2 Rd7 24.Nd2 Kd8 25.Ne4 Kc8 26.c5 Rhd8 27.Nd6+ Bxd6 28.cxd6 f5 29.Bd2 Qd5+
30.Bf3 Qb5 31.Bb4 Kb8 32.Rc1 Rf8 33.Rc5 Qb6 34.Be2 Qd8 35.Rc2 fxg4 36.hxg4 Qh4
37.f3 Rdf7 38.Bd3 Rxf3 39.Qxf3 Rxf3 40.Kxf3 Qxg4+ 41.Ke3 Nf5+ 42.Bxf5 Qxf5
43.Rf2 Qg5+ 44.Ke2 Kc8 45.Rf8+ Kd7 46.Rf7+ Kd8 47.Rxb7 Qg4+ 48.Kd3 Qd1+ 49.Kc3 Qc1+
50.Kb3 Qd1+ 51.Kc3 Qc1+ 52.Kd3 Qd1+ 53.Bd2 Qf1+ 54.Kc3 Qa6 55.Bg5+ Kc8 56.d7+ Kxb7
57.d8=Q Qxa3+ 58.Kd2 Qa2+ 59.Ke3 Qb3+ 60.Ke2 Qc2+ 61.Bd2 Qe4+ 62.Be3 Qc2+
63.Kf3 Qf5+ 64.Kg3 Qg6+ 65.Kf2 Qf5+ 66.Ke1 Qb1+ 67.Kd2 Qb2+ 68.Kd3 Qb1+ 69.Ke2 Qc2+
70.Kf3 Qf5+ 71.Kg3 Qg6+ 72.Qg5 Qxg5+ 73.Bxg5 c5 74.d5 exd5 75.e6 Kc7 76.Be7 c4
77.Kf4 c3 78.Ke5 c2 79.Ba3 h5 80.Kxd5 h4 81.Bd6+ Kd8 82.Bf4 h3 83.Kd6 h2  0-1

[Event "European Blitz 2018"]
[Site "Skopje MKD"]
[Date "2018.12.07"]
[Round "13.25"]
[White "Studer,N"]
[Black "Stevic,H"]
[Result "0-1"]
[WhiteElo "2494"]
[BlackElo "2587"]

1.d4 d5 2.c4 dxc4 3.e4 e5 4.Nf3 Bb4+ 5.Nc3 exd4 6.Qxd4 Qxd4 7.Nxd4 Nf6 8.f3 Bc5
9.Ndb5 Na6 10.Bxc4 c6 11.Na3 b5 12.Naxb5 cxb5 13.Bxb5+ Nd7 14.Bf4 Nb8 15.Nd5 Bb6
16.Rc1 Ba6 17.Ba4 O-O 18.Nc7 Bxc7 19.Rxc7 Nb6 20.Bb3 N8d7 21.Kf2 Rfc8 22.Rhc1 Kf8
23.a4 Ke7 24.a5 Nc4 25.R7xc4 Bxc4 26.Rxc4 Nc5 27.Bc2 Ne6  0-1

[Event "8th Holuj-Radzikowska"]
[Site "Wroclaw POL"]
[Date "2018.12.07"]
[Round "4.1"]
[White "Socko,M"]
[Black "Skripchenko,A"]
[Result "1/2-1/2"]
[WhiteElo "2458"]
[BlackElo "2408"]

1.d4 d5 2.c4 dxc4 3.e4 Nf6 4.e5 Nd5 5.Bxc4 Nb6 6.Bd3 Nc6 7.Be3 Nb4 8.Be4 f5
9.exf6 exf6 10.Nc3 f5 11.Bb1 N4d5 12.Nf3 Nxe3 13.fxe3 Bd6 14.O-O O-O 15.e4 c6
16.e5 Be7 17.a4 Be6 18.Ba2 Nd5 19.Nxd5 cxd5 20.Qb3 Qd7 21.Rac1 Rac8 22.Bb1 Rxc1
23.Rxc1 Rc8 24.Rxc8+ Qxc8 25.Qc2 Qd8 26.Qb3 Qc7 27.Kf2 Kf7 28.Bd3 g6 29.Qc2 Qd8
30.Qb3 Qc7 31.Qc2 Qd8  1/2-1/2

[Event "ch-GBR KO 2018"]
[Site "London ENG"]
[Date "2018.12.08"]
[Round "1.4"]
[White "Houska,Jo"]
[Black "Hawkins,Jo"]
[Result "0-1"]
[WhiteElo "2419"]
[BlackElo "2583"]

1.d4 d5 2.c4 dxc4 3.e4 e5 4.Nf3 exd4 5.Nxd4 Nf6 6.Bxc4 c5 7.Nb5 Qxd1+ 8.Kxd1 Na6
9.N1c3 Be7 10.f3 O-O 11.a3 Be6 12.Bxe6 fxe6 13.Kc2 Nd7 14.Be3 Ne5 15.Rad1 Nc4
16.Bc1 Ne5 17.f4 Nc6 18.Rd7 b6 19.Rhd1 Rad8 20.Rb7 Rb8 21.Rxb8 Naxb8 22.Be3 Bf6
23.e5 Be7 24.Nc7 Kf7 25.N3b5 Rd8 26.Nd6+ Bxd6 27.exd6 Na5 28.Kc3 Nb7 29.f5 exf5
30.Bf4 Nc6 31.b4 Nd4 32.Re1 Nxd6 33.bxc5 Ne4+ 34.Kc4 Nc2 35.Rc1 Rd4+ 36.Kb3 Nxc5+
37.Kxc2 Rxf4 38.Rd1 Rg4 39.g3 Re4 40.Nb5 Re3 41.Kb2 Rb3+  0-1

[Event "Akim Cup Pavlodar 2018"]
[Site "Pavlodar KAZ"]
[Date "2018.12.10"]
[Round "8.2"]
[White "Ehlvest,J"]
[Black "Egorov,E"]
[Result "0-1"]
[WhiteElo "2532"]
[BlackElo "2350"]

1.d4 d5 2.c4 dxc4 3.e4 c5 4.d5 Nf6 5.Nc3 b5 6.Bf4 Ba6 7.e5 b4 8.exf6 bxc3
9.bxc3 Qa5 10.Qf3 Nd7 11.fxe7 Bxe7 12.d6 Bd8 13.Rc1 Rb8 14.Qe3+ Kf8 15.Nf3 Bf6
16.Qd2 h6 17.h4 Rb1 18.Qc2 Qxc3+ 19.Qxc3 Bxc3+ 20.Kd1 Rxc1+ 21.Kxc1 f6 22.Nd2 Bxd2+
23.Bxd2 Kf7 24.Rh3 Bb5 25.Ra3 a6 26.Re3 Re8 27.Be2 Rxe3 28.Bxe3 c3 29.Bg4 Ne5
30.Bc8 Ba4 31.Bf5 c4 32.d7 Bxd7 33.Bxd7 Nxd7 34.Kc2 Ke6 35.Kxc3 Kd5 36.Kb4 Ne5
37.Ka5 Nc6+ 38.Kxa6 Nb4+ 39.Kb5 Nxa2 40.Ka4 Ke4 41.Bc5 h5 42.Bf8 g6 43.Bg7 Nc3+
44.Kb4 Kd3 45.f3 Nd5+ 46.Kc5 c3  0-1

[Event "London Classic Open 2018"]
[Site "London ENG"]
[Date "2018.12.11"]
[Round "3.40"]
[White "Barrish,Daniel"]
[Black "Head,Louise"]
[Result "1/2-1/2"]
[WhiteElo "2252"]
[BlackElo "2079"]

1.d4 d5 2.c4 dxc4 3.e4 Nf6 4.e5 Nd5 5.Bxc4 Nb6 6.Bd3 Nc6 7.Be3 Nb4 8.Be4 f5
9.exf6 exf6 10.Nc3 f5 11.Bb1 Be7 12.Nf3 O-O 13.Ne5 Be6 14.O-O N4d5 15.a4 Nxe3
16.fxe3 Bd6 17.Nf3 c6 18.e4 fxe4 19.Nxe4 Be7 20.Qd3 g6 21.Qe3 Nd5 22.Qh6 Rf4
23.Bd3 Qf8 24.Qxf8+ Raxf8 25.Rae1 Nb4 26.Nf2 R4f6 27.Bb1 Bd8 28.Ne4 Rf4 29.Nc5 Bc4
30.Ne6 Bxe6 31.Rxe6 Bb6 32.Rd1 Rd8 33.Re7 Bxd4+ 34.Nxd4 Rfxd4 35.Rxd4 Rxd4
36.Rxb7 a5 37.Kf2 Rd2+ 38.Kf3 Rxb2 39.Be4 Ra2 40.Rc7 Ra3+ 41.Ke2 Rxa4 42.Bxc6 Ra2+
43.Kf1 Nxc6 44.Rxc6 Kg7 45.h4 h6 46.h5 gxh5 47.Rc5 Kg6 48.Kg1 a4 49.Rc4 Kf5
50.Kh2 a3 51.Rc3 h4 52.Rd3 Ke4 53.Rc3 Ra1 54.Rb3 Kd4 55.Rf3 Kc4 56.Rf4+ Kb3
57.Rf3+ Kb2 58.Rf2+ Kc3 59.Rf3+ Kc2 60.Rf2+ Kd3 61.Rf3+ Ke2 62.Rc3 Ra2 63.Rb3 h5
64.Rc3 Kf1 65.Rf3+ Ke1 66.Rc3 Kd1 67.Rf3 Kc1 68.Rf1+ Kb2 69.Rf2+ Kb3 70.Rf3+ Kb4
71.Rf4+ Kb5 72.Rf5+ Kb6 73.Rf3 Ra1 74.Re3 Kc5 75.Rf3 Kc4 76.Rf4+ Kd3 77.Rf3+ Ke4
78.Rc3 a2 79.Ra3 Kd4 80.Ra8 Kc5 81.Rc8+ Kb6 82.Ra8 Kc6 83.Ra3  1/2-1/2

[Event "XXVIII Elgoibar GM 2018"]
[Site "Elgoibar ESP"]
[Date "2018.12.12"]
[Round "1.3"]
[White "Suarez Garcia,C"]
[Black "Martinez Fernandez,Adrian"]
[Result "0-1"]
[WhiteElo "2449"]
[BlackElo "2212"]

1.d4 d5 2.c4 dxc4 3.e4 b5 4.a4 c6 5.axb5 cxb5 6.Nc3 a6 7.Nxb5 axb5 8.Rxa8 Bb7
9.Ra1 e6 10.Nf3 Nf6 11.e5 Ne4 12.Be2 Bb4+ 13.Kf1 O-O 14.h4 Nc6 15.Be3 Ne7
16.Ng5 Nf5 17.Rh3 Nxe3+ 18.fxe3 Nxg5 19.hxg5 Be4 20.Rg3 Be7 21.Qd2 Bxg5 22.Qa5 Qe7
23.Qa7 Qd8 24.Qa5 Qe7 25.Qxb5 Bh4 26.Rg4 Bf5 27.Rf4 Bg3 28.Rxf5 exf5 29.Bxc4 Qh4
30.Ke2 Qe4 31.Kd2 f4 32.Qd5 fxe3+ 33.Ke2 Qc2+ 34.Kxe3 Bf2+ 35.Kf3 Bh4 36.Kg4 Be7
37.g3 h5+ 38.Kf3 Qxb2 39.Ra7 Qc3+ 40.Kg2 Qc2+ 41.Kh1 Qd1+ 42.Kh2 Qc2+ 43.Kh1 Qd1+
44.Kg2 Qc2+ 45.Kf3 Qd1+ 46.Kf2 Qd2+ 47.Be2 Bg5 48.Qe4 Rd8 49.Ra8 Qe3+ 50.Qxe3 Bxe3+
51.Kxe3 Rxa8 52.Bxh5 Ra3+ 53.Ke4 Rxg3 54.d5 Kf8 55.d6 Ra3 56.Be2 Ra4+ 57.Kd5 Ra5+
58.Ke4 f6 59.exf6 gxf6 60.Bg4 Kf7 61.Bf5 Re5+ 62.Kf4 Rd5 63.d7 Ke7 64.Ke4 Ra5
65.Kf4 Ra4+ 66.Kf3 Rd4 67.Ke3 Rd6 68.Kf4 Kf7 69.Kg4 Kg7 70.Be6 Kg6 71.Kf4 Kg7
72.Kf5 Rd4 73.Bc4 Rxd7 74.Bb3 Rb7 75.Ba4 Ra7 76.Bc2 Ra5+ 77.Kf4 Kf7 78.Bd3 Rc5
79.Bb1 Ke6 80.Ba2+ Kd6 81.Bb1 Re5 82.Bd3 Kc5 83.Bh7 Kd4 84.Bg6 Kd5 85.Bf7+ Kd6
86.Bg8 Re2 87.Bh7 Rf2+ 88.Ke4 Ke6 89.Bg8+ Ke7 90.Bh7 Kf7 91.Ke3 Rh2 92.Bf5 Rh4
93.Kf3 Kg7 94.Kg3 Rb4 95.Bd7 Kg6 96.Kf3 Kg5 97.Be6 f5 98.Bd7 Rb3+ 99.Kf2 Kf4
100.Be6 Rb2+ 101.Kf1 Ke4  0-1

[Event "87th ch-UKR 2018"]
[Site "Kyiv UKR"]
[Date "2018.12.13"]
[Round "3.5"]
[White "Korobov,A"]
[Black "Ponomariov,R"]
[Result "1-0"]
[WhiteElo "2698"]
[BlackElo "2663"]

1.d4 d5 2.c4 dxc4 3.e4 Nc6 4.Nf3 Nf6 5.Nc3 Bg4 6.d5 Ne5 7.Bf4 Nfd7 8.Qa4 Nxf3+
9.gxf3 Bxf3 10.Rg1 a6 11.Qxc4 g6 12.Rg3 Bh5 13.Bxc7 Qc8 14.d6 e6 15.Qd4 Rg8
16.e5 Bh6 17.Be2 Bxe2 18.Kxe2 g5 19.h4 g4 20.Rag1 f5 21.exf6 Kf7 22.Ne4 b6
23.Rxg4 Rxg4 24.Rxg4 Qb7 25.Ng5+ Bxg5 26.hxg5 Qh1 27.g6+ hxg6 28.Rh4 Qc6
29.Rh7+ Kg8 30.Rg7+ Kf8 31.Kd2 Qb5 32.Rxd7 Qxd7 33.Qh4 Kg8 34.Qe4 Qe8 35.Qd3  1-0

[Event "9th Sharjah Cup for Women"]
[Site "Sharjah UAE"]
[Date "2018.12.17"]
[Round "5.2"]
[White "Bhakti,K"]
[Black "Velikic,A"]
[Result "0-1"]
[WhiteElo "2283"]
[BlackElo "2298"]

1.d4 d5 2.c4 dxc4 3.e4 c5 4.Nf3 cxd4 5.Qxd4 Qxd4 6.Nxd4 e5 7.Nb5 Na6 8.Bxc4 Nf6
9.N1c3 Bc5 10.Ke2 O-O 11.Be3 Bxe3 12.Kxe3 Nb4 13.Rac1 a6 14.Nc7 Rb8 15.N3d5 Ng4+
16.Ke2 Nc6 17.h3 Nd4+ 18.Kf1 Nf6 19.Nxf6+ gxf6 20.g4 Be6 21.Kg2 Rfc8 22.Nd5 Kg7
23.Bd3 Bxd5 24.exd5 Rd8 25.Rc7 b5 26.Rc5 Rb6 27.Re1 Rbd6 28.Be4 h5 29.Re3 hxg4
30.hxg4 Rh8 31.Rc7 Rh4 32.Kg3 Rh8 33.Re1 f5 34.gxf5 Rdh6 35.Bg2 Kf6 36.f4 Rg8+
37.Kf2 exf4 38.Ree7 f3 39.Bxf3 Rh2+ 40.Kf1 Nxf3 41.Rxf7+ Ke5 42.Rfe7+ Kf4
43.Rg7 Rxg7 44.Rxg7 Kxf5 45.Rf7+ Ke4 46.d6 Rd2 47.d7 Ne5 48.Rf6 Nxd7 49.Rxa6 Rxb2
50.a3 Nc5 51.Rd6 Rb3 52.Rb6 Kd3  0-1

[Event "World Rapid Women 2018"]
[Site "St Petersburg RUS"]
[Date "2018.12.26"]
[Round "1.2"]
[White "Ju Wenjun"]
[Black "Gevorgyan,M"]
[Result "1-0"]
[WhiteElo "2575"]
[BlackElo "2228"]

1.d4 d5 2.c4 dxc4 3.e4 e5 4.Nf3 exd4 5.Bxc4 Nc6 6.O-O Bc5 7.Ng5 Nh6 8.Nxf7 Nxf7
9.Bxf7+ Kxf7 10.Qh5+ g6 11.Qxc5 Qe7 12.Qd5+ Be6 13.Qb5 Qb4 14.Qg5 Bc4 15.Rd1 Rhf8
16.b3 Be2 17.Ba3 Qb6 18.Rd2 Ba6 19.Bxf8 Rxf8 20.Na3 Qb4 21.Nc2 Qc3 22.Rad1 d3
23.Ne3 Kg7 24.Nd5 Qc5 25.Qg3 Rf7 26.h4 Nd4 27.Qe5+ Kh6 28.Qg5+ Kg7 29.Kh2 Qd6+
30.Qg3 Qe6 31.Qe3 c5 32.Rxd3 Bxd3 33.Rxd3 b6 34.f4 Qg4 35.Qg3 Qe2 36.Re3 Qxa2
37.f5 Nc6 38.f6+ Kg8 39.e5 Qd2 40.Rd3 Qe2 41.Ne7+ Rxe7 42.fxe7 Nxe7 43.Rd8+ Kf7
44.Qg5  1-0

[Event "World Rapid 2018"]
[Site "St Petersburg RUS"]
[Date "2018.12.26"]
[Round "1.28"]
[White "Gelfand,B"]
[Black "Anisimov,P2"]
[Result "1-0"]
[WhiteElo "2673"]
[BlackElo "2533"]

1.d4 d5 2.c4 dxc4 3.e4 Nf6 4.e5 Nd5 5.Bxc4 Bf5 6.Qb3 c6 7.Ne2 Qb6 8.Qf3 Bxb1
9.Bxd5 Qa5+ 10.Nc3 cxd5 11.Rxb1 e6 12.O-O Nc6 13.Be3 Rc8 14.a3 Qd8 15.Qg4 h5
16.Qd1 Be7 17.Ne2 g6 18.b4 a5 19.b5 Nb8 20.a4 Nd7 21.Bd2 Rc4 22.Rc1 Rxc1
23.Qxc1 O-O 24.Qc2 Qc8 25.Rc1 Qxc2 26.Rxc2 Bd8 27.Nc1 Bb6 28.Nb3 Ra8 29.Bg5 Kf8
30.Kf1 Ke8 31.Ke2 Bd8 32.Bxd8 Kxd8 33.Nc5 Nxc5 34.Rxc5 Kd7 35.h4 Rg8 36.g3 Ra8
37.Ke3 Rf8 38.f3 f6 39.exf6 Kd6 40.b6 Rxf6 41.Rc7 e5 42.dxe5+ Kxe5 43.Rxb7 d4+
44.Ke2 Kd5 45.Rd7+ Kc4 46.b7 Rb6 47.Rc7+ Kd5 48.g4 hxg4 49.fxg4 Ke4 50.Re7+ Kf4
51.h5 gxh5 52.gxh5 Kg5 53.Re5+  1-0

[Event "World Rapid Women 2018"]
[Site "St Petersburg RUS"]
[Date "2018.12.26"]
[Round "3.29"]
[White "Guseva,Marina"]
[Black "Belenkaya,D"]
[Result "1-0"]
[WhiteElo "2408"]
[BlackElo "2338"]

1.d4 d5 2.c4 dxc4 3.e4 Nf6 4.e5 Nd5 5.Bxc4 Bf5 6.Ne2 e6 7.O-O Nb6 8.Bb3 Nc6
9.a3 Qd7 10.Nbc3 O-O-O 11.Be3 f6 12.exf6 gxf6 13.Ng3 Nxd4 14.Bxd4 Qxd4 15.Nxf5 exf5
16.Nb5 Qxd1 17.Rfxd1 Bd6 18.Nxd6+ Rxd6 19.Rxd6 cxd6 20.Be6+ Kd8 21.Bxf5 h6
22.Rd1 Kc7 23.Re1 d5 24.Re7+ Kc6 25.Re6+ Kc5 26.Rxf6 d4 27.Bd3 Nd7 28.Rf5+ Kd6
29.Kf1 Nc5 30.Bc4 Re8 31.Rd5+ Kc6 32.Rxd4 b5 33.Be2 Nb3 34.Rd3 Nc5 35.Bf3+ Kc7
36.Rc3 Kd6 37.b4 Na4 38.Rc6+ Ke5 39.Rxh6 Nc3 40.Rc6 Kd4 41.Ra6 Nb1 42.g4 Nd2+
43.Kg2 Rf8 44.Bc6 Rf4 45.f3 Ke3 46.Rxa7 Rf6 47.Re7+ Kf4 48.Re2 Rd6 49.Bxb5 Nxf3
50.Rf2  1-0

[Event "World Rapid Women 2018"]
[Site "St Petersburg RUS"]
[Date "2018.12.27"]
[Round "6.48"]
[White "Iljushina,O"]
[Black "Gevorgyan,M"]
[Result "0-1"]
[WhiteElo "2259"]
[BlackElo "2228"]

1.d4 d5 2.c4 dxc4 3.e4 e5 4.Nf3 exd4 5.Bxc4 Nc6 6.O-O Bc5 7.Nbd2 Bg4 8.Nb3 Bb6
9.Bb5 Qd6 10.Bxc6+ Qxc6 11.Nbxd4 Qd7 12.Ne5 Bxd1 13.Nxd7 Bxd4 14.Rxd1 c5
15.Rb1 Kxd7 16.b4 Kc6 17.bxc5 Bxc5 18.Bb2 Nf6 19.e5 Ne4 20.Rbc1 Rhd8 21.Re1 Ng5
22.h4 Ne6 23.Re3 b6 24.Rf3 Rd7 25.g4 Rad8 26.Kg2 a5 27.h5 Ng5 28.Rf5 h6 29.Ba3 Rd4
30.f3 Rd2+ 31.Kg3 R8d7 32.Rc4 Rxa2 33.Bxc5 bxc5 34.Rxc5+ Kxc5 35.e6+ Rd5  0-1

[Event "World Rapid 2018"]
[Site "St Petersburg RUS"]
[Date "2018.12.27"]
[Round "6.67"]
[White "Sanikidze,T"]
[Black "Moiseenko,Va"]
[Result "1-0"]
[WhiteElo "2507"]
[BlackElo "2501"]

1.d4 d5 2.c4 dxc4 3.e4 e5 4.Nf3 exd4 5.Bxc4 Bb4+ 6.Nbd2 Nc6 7.O-O Qf6 8.e5 Qf5
9.Nh4 Qg4 10.Ndf3 Nh6 11.h3 Qh5 12.Bg5 O-O 13.Qc1 Kh8 14.Qf4 f6 15.exf6 Bd6
16.Qd2 Rxf6 17.Bxf6 gxf6 18.a3 b5 19.Bd3 Bd7 20.Be4 Rg8 21.Kh1 Nf7 22.Bxc6 Bxc6
23.Qxd4 Ne5 24.Rac1 Bb7 25.Rfe1 Rg7 26.Re3 a6 27.Rce1 h6 28.b4 Kh7 29.Nxe5 fxe5
30.Qd3+ Kh8 31.Nf3 Re7 32.Kg1 Rg7 33.Rxe5 Bxe5 34.Rxe5 Qf7 35.Kf1 Rg8 36.Qe3 Qg7
37.Ke1 Qg6 38.Nd2 Bc8 39.Re7 Qd6 40.Re8 Bf5 41.Qc3+ Kh7 42.Rxg8 Kxg8 43.Qb3+ Kf8
44.Qf3 Qe5+ 45.Kf1 Ke7 46.g4 Be6 47.Qc6 Bd5 48.Qxh6 Qa1+ 49.Ke2 Qxa3 50.Qe3+ Qxe3+
51.Kxe3 Kd6 52.Ne4+ Kc6 53.h4 a5 54.bxa5 b4 55.h5 Kb5 56.h6 Bg8 57.Nf6 b3
58.Kd2  1-0

[Event "World Rapid 2018"]
[Site "St Petersburg RUS"]
[Date "2018.12.28"]
[Round "12.20"]
[White "Yakubboev,Nodirbek"]
[Black "Zubov,A UKR"]
[Result "0-1"]
[WhiteElo "2556"]
[BlackElo "2597"]

1.d4 d5 2.c4 dxc4 3.e4 Nf6 4.Nc3 e5 5.Nf3 exd4 6.Qxd4 Qxd4 7.Nxd4 Bc5 8.Ndb5 Na6
9.Bxc4 c6 10.Na3 b5 11.Naxb5 cxb5 12.Bxb5+ Kf8 13.Bf4 Bb7 14.O-O-O Rc8 15.f3 Bb6
16.Kb1 Nc7 17.Ba4 Ne6 18.Bd6+ Kg8 19.e5 Nh5 20.Bd7 Rd8 21.Be7 Ra8 22.Rd2 Nhf4
23.Re1 h5 24.Nb5 Ng6 25.Bb4 Rd8 26.Bxe6 fxe6 27.Nd6 Bd5 28.Rxd5 exd5 29.e6 Ne7
30.Nf7 Re8 31.Nxh8 Kxh8 32.Re5 g6 33.Bxe7 Rxe7 34.Rxd5 Rxe6 35.Kc2 Re2+ 36.Rd2 Re1
37.Kb3 Kg7 38.Ka4 Kf6 39.b4 Re3 40.Kb5 Ra3 41.Kc4 Ke6 42.b5 Ba5 43.Re2+ Kd6
44.h3 Ra4+ 45.Kd3 Rb4 46.a4 Rxa4 47.Rc2 Ke5 48.Rc6 Ra3+ 49.Ke2 Ra2+ 50.Kf1 g5
51.Ra6 Ra1+ 52.Ke2 Bc3 53.Rh6 h4 54.Kd3 Be1 55.b6 axb6 56.Rxb6 Kf4 57.Rb5 Ra2
58.Rb1 Rd2+ 59.Kc4 Bg3  0-1

[Event "15th Schachtuerken Cup"]
[Site "Paderborn GER"]
[Date "2018.12.29"]
[Round "5.1"]
[White "Kruse,Janik"]
[Black "Levin,F"]
[Result "0-1"]
[WhiteElo "2127"]
[BlackElo "2482"]

1.d4 d5 2.c4 dxc4 3.e4 Nf6 4.Nc3 e5 5.d5 c6 6.Bg5 Bb4 7.Bxf6 Qxf6 8.Bxc4 Qg6
9.Qf3 Bxc3+ 10.bxc3 O-O 11.h3 Nd7 12.Ne2 Nc5 13.Ng3 b5 14.Bb3 a5 15.dxc6 Nxb3
16.axb3 Qxc6 17.O-O g6 18.Rfc1 Kg7 19.Qe3 f6 20.Ra2 Be6 21.c4 bxc4 22.bxc4 a4
23.Qa3 Rfc8 24.Qb4 Rcb8 25.Qe7+ Bf7 26.Rc3 Rb1+ 27.Kh2 Rb7 28.Qa3 Rc7 29.Qb4 Rb7
30.Qa3 h5 31.h4 Rc7 32.Qb4 Rb7 33.Qa3 Qb6 34.Qc1 Qc5 35.Nf1 Qd4 36.Qc2 Rb3
37.Rxb3 axb3 38.Qxb3 Rxa2 39.Qxa2 Bxc4 40.Qa3 Qxf2 41.Ne3 Qxh4+ 42.Kg1 Qxe4
43.Nxc4 Qxc4 44.Qe7+ Qf7  0-1